00301 a2200109 4500001001000000005001700010008004100027245004000068100001900108773004700127999001700174ART_5915020260410162051.0260409a 10aDerecho administrativo sancionador.1 aSchurig, Harry0 tImpuestosg- N° 154 (ago. 2023)wREV45175 c35819d35819